00221nam a2200097Ia 4500008004100000041001200041100001800053245004000071260000600111650000600117221030s9999 xx 000 0 und d aEnglish aB. S. Chhabra 0aCobol Programmingcby B. S. Chhabra c0 aB